Loading...
| History - Other | 1 | 2 | 0 | 0 | 35 | 67 | 103.33 | 1 | 3 | 0.00 | 0.00 |
| Religion | 0 | 3 | 0 | 0 | 30 | 81 | 99.00 | 2 | 3 | 0.00 | 0.00 |
| Literature - American | 0 | 3 | 0 | 0 | 30 | 106 | 117.67 | 0 | 3 | 0.00 | 0.00 |
| Mythology | 0 | 3 | 0 | 1 | 30 | 85 | 114.33 | 2 | 3 | 0.00 | 0.00 |
| History - European | 1 | 1 | 0 | 0 | 25 | 50 | 73.00 | 1 | 2 | 0.00 | 0.00 |
| History - American | 0 | 2 | 0 | 1 | 20 | 121 | 129.50 | 0 | 2 | 0.00 | 0.00 |
| Literature - European | 0 | 2 | 0 | 0 | 20 | 99 | 115.50 | 1 | 2 | 0.00 | 0.00 |
| Geography | 0 | 2 | 0 | 0 | 20 | 93 | 110.00 | 1 | 2 | 0.00 | 0.00 |
| Science - Physics | 0 | 2 | 1 | 0 | 15 | 132 | 132.50 | 0 | 2 | 0.00 | 0.00 |
| Fine Arts - Other | 0 | 2 | 1 | 0 | 15 | 95 | 123.50 | 0 | 2 | 0.00 | 0.00 |
| Literature - World | 1 | 0 | 0 | 0 | 15 | 31 | 31.00 | 1 | 1 | 0.00 | 0.00 |
| Pop Culture | 0 | 1 | 0 | 0 | 10 | 122 | 122.00 | 1 | 1 | 0.00 | 0.00 |
| Science - Biology | 0 | 1 | 0 | 0 | 10 | 115 | 115.00 | 0 | 1 | 0.00 | 0.00 |
| Other Academic | 0 | 1 | 0 | 0 | 10 | 111 | 111.00 | 0 | 1 | 0.00 | 0.00 |
| Science - Chemistry | 0 | 1 | 0 | 0 | 10 | 118 | 118.00 | 0 | 1 | 0.00 | 0.00 |
| Fine Arts - Visual | 0 | 1 | 0 | 0 | 10 | 146 | 146.00 | 0 | 1 | 0.00 | 0.00 |
| Religion- | 0 | 1 | 0 | 0 | 10 | 71 | 71.00 | 1 | 1 | 0.00 | 0.00 |
| Science - Other | 0 | 1 | 1 | 0 | 5 | 114 | 114.00 | 0 | 1 | 0.00 | 0.00 |
| Fine Arts - Auditory | 0 | 0 | 0 | 0 | 0 | 0.00 | 0 | 0 | 0.00 | 0.00 | |
| History - World | 0 | 0 | 1 | 0 | -5 | 0.00 | 0 | 0 | 0.00 | 0.00 | |
| Literature - British | 0 | 0 | 1 | 0 | -5 | 0.00 | 0 | 0 | 0.00 | 0.00 |